[Event "AUT-ch"]
[Site "Hartberg"]
[Date "2004.08.01"]
[Round "9"]
[White "Posch, Werner"]
[Black "Schwaninger, Wolfgang"]
[Result "1/2-1/2"]
[WhiteElo "2172"]
[BlackElo "2255"]
[PlyCount "63"]
[EventDate "2004.07.24"]
[EventType "swiss"]
[EventRounds "9"]
[EventCountry "AUT"]
[SourceTitle "CBM 101 Extra"]
[Source "ChessBase"]
[SourceDate "2004.09.01"]
[SourceVersion "2"]
[SourceVersionDate "2004.09.01"]
[SourceQuality "1"]

1. e4 c5 2. Nc3 Nc6 3. g3 g6 4. Bg2 Bg7 5. d3 d6 6. Be3 e6 7. Qd2 Nge7 8. Bh6 0-0 9. h4 f6 10. Bxg7 Kxg7 11. f4 e5 12. h5 a6 13. hxg6 hxg6 14. fxe5 Nxe5 15. Qh6+ Kf7 16. Qh7+ Ke8 17. 0-0-0 Be6 18. d4 cxd4 19. Rxd4 N7c6 20. Rd1 Qe7 21. Nd5 Bxd5 22. Rxd5 Rc8 23. Qxe7+ Kxe7 24. Rh7+ Rf7 25. Rxf7+ Nxf7 26. Rd2 Nfe5 27. b3 Rh8 28. Ne2 g5 29. Nc3 Ke6 30. Nd5 Ne7 31. Ne3 Rh7 32. a4 1/2-1/2

[Event "AUT-ch"]
[Site "Hartberg"]
[Date "2004.07.28"]
[Round "5"]
[White "Poeltl, Thomas"]
[Black "Schwaninger, Wolfgang"]
[Result "1-0"]
[WhiteElo "2217"]
[BlackElo "2255"]
[PlyCount "119"]
[EventDate "2004.07.24"]
[EventType "swiss"]
[EventRounds "9"]
[EventCountry "AUT"]
[SourceTitle "CBM 101 Extra"]
[Source "ChessBase"]
[SourceDate "2004.09.01"]
[SourceVersion "2"]
[SourceVersionDate "2004.09.01"]
[SourceQuality "1"]

1. d4 g6 2. c4 d6 3. Nc3 Nf6 4. e4 c6 5. f3 Nbd7 6. Be3 e5 7. d5 a5 8. Bd3 Bg7 9. Nge2 0-0 10. Qd2 Nc5 11. Bc2 cxd5 12. cxd5 Nfd7 13. 0-0 b6 14. b4 axb4 15. Nb5 Ba6 16. Qxb4 Bxb5 17. Qxb5 Ra5 18. Qb2 Qc7 19. Nc3 Rfa8 20. Nb5 Qb8 21. Bd2 R5a6 22. Bd1 f5 23. Qc2 fxe4 24. fxe4 Nf6 25. Nc3 Qc7 26. Rc1 Ra5 27. Be2 Qd7 28. Qb1 Ra3 29. Bg5 Rxc3 30. Rxc3 Ncxe4 31. Rc6 Nxg5 32. Qxb6 Nge4 33. Rc7 Qa4 34. Qb7 Bf8 35. Bc4 Qa3 36. Bb3 Qa5 37. h3 Re8 38. Bc2 Qa8 39. Qb4 Rb8 40. Qe1 Qxd5 41. Bb3 Rxb3 42. axb3 Qxb3 43. Qc1 Qb6+ 44. Kh2 Qb3 45. Rf3 Qe6 46. Qc6 Ng5 47. Rg3 h6 48. h4 Ng4+ 49. Rxg4 Qxg4 50. hxg5 Qf4+ 51. Kg1 Qe3+ 52. Kf1 Qxg5 53. Qc4+ Kh8 54. Rf7 Be7 55. Qc8+ Bd8 56. Rf8+ Kg7 57. Qxd8 Qc1+ 58. Kf2 Qd2+ 59. Kg1 Qd1+ 60. Rf1 1-0

[Event "Zalakaros op 23rd"]
[Site "Zalakaros"]
[Date "2004.05.22"]
[Round "9"]
[White "Kernazhitsky, Leonid"]
[Black "Schwaninger, Wolfgang"]
[Result "1/2-1/2"]
[WhiteElo "2355"]
[BlackElo "2226"]
[PlyCount "113"]
[EventDate "2004.05.14"]
[EventType "swiss"]
[EventRounds "9"]
[EventCountry "HUN"]
[SourceTitle "EXT 2008"]
[Source "ChessBase"]
[SourceDate "2007.11.25"]
[SourceVersion "1"]
[SourceVersionDate "2007.11.25"]
[SourceQuality "1"]

1. e4 g6 2. d4 d6 3. Nc3 c6 4. Be3 d5 5. Nf3 Bg4 6. exd5 cxd5 7. Ne5 Bxd1 8. Bb5+ Nd7 9. Bxd7+ Qxd7 10. Nxd7 Kxd7 11. Rxd1 e6 12. Ke2 Rc8 13. Kd3 h5 14. Ne2 Ne7 15. Bg5 Nf5 16. Bf6 Bg7 17. Bxg7 Nxg7 18. b3 b5 19. Nc3 a6 20. a4 b4 21. Na2 Rb8 22. Rc1 Rhc8 23. c3 bxc3 24. Rxc3 Rxc3+ 25. Kxc3 Nf5 26. Rd1 f6 27. Nb4 a5 28. Nc2 Kd6 29. Na3 Rc8+ 30. Kb2 g5 31. g3 g4 32. Nb5+ Kd7 33. h4 Nd6 34. Nc3 Ne4 35. Nxe4 dxe4 36. Rd2 f5 37. b4 Rc4 38. bxa5 Rxa4 39. Kc3 Rxa5 40. Rb2 Kd6 41. Kc4 Ra4+ 42. Kc3 Ra3+ 43. Kc4 e3 44. fxe3 Rxe3 45. Rb6+ Kd7 46. d5 exd5+ 47. Kxd5 Rxg3 48. Rb7+ Ke8 49. Rh7 f4 50. Rxh5 f3 51. Ke6 Kd8 52. Kd6 Ke8 53. Ke6 Kf8 54. Kf6 Kg8 55. Rg5+ Kf8 56. Rh5 Ke8 57. Ke6 1/2-1/2

[Event "Zalakaros op 23rd"]
[Site "Zalakaros"]
[Date "2004.05.18"]
[Round "5"]
[White "Zoltan, Andras"]
[Black "Schwaninger, Wolfgang"]
[Result "1/2-1/2"]
[WhiteElo "2072"]
[BlackElo "2226"]
[PlyCount "114"]
[EventDate "2004.05.14"]
[EventType "swiss"]
[EventRounds "9"]
[EventCountry "HUN"]
[SourceTitle "EXT 2008"]
[Source "ChessBase"]
[SourceDate "2007.11.25"]
[SourceVersion "1"]
[SourceVersionDate "2007.11.25"]
[SourceQuality "1"]

1. e4 d6 2. d4 g6 3. Nc3 c6 4. f4 d5 5. Nf3 Bg4 6. e5 e6 7. Be2 h5 8. 0-0 Nh6 9. Be3 Nf5 10. Bf2 Nd7 11. h3 Bxf3 12. Bxf3 c5 13. Nxd5 exd5 14. Bxd5 cxd4 15. e6 fxe6 16. Bxe6 Qf6 17. Bxf5 gxf5 18. Re1+ Kf7 19. c3 Qb6 20. Qd3 Kg6 21. Bxd4 Qd6 22. Qg3+ Kh7 23. Qg5 Rg8 24. Qxh5+ Bh6 25. Qxf5+ Rg6 26. Qf7+ Bg7 27. Re7 Qc6 28. g4 Rf8 29. Qxg6+ Qxg6 30. Rxg7+ Qxg7 31. Bxg7 Kxg7 32. Rd1 Nb6 33. Rd4 Kf6 34. Kf2 Ke6 35. Kg3 Nd5 36. Re4+ Kd6 37. c4 Nf6 38. Re5 b6 39. b3 a5 40. h4 a4 41. Rb5 Kc6 42. Kf3 Rd8 43. bxa4 Rd3+ 44. Ke2 Ra3 45. Rb3 Rxa4 46. g5 Nh5 47. f5 Rxc4 48. f6 Rxh4 49. f7 Nf4+ 50. Kf2 Ng6 51. Rf3 Nf8 52. Kg3 Ra4 53. g6 Nxg6 54. Rf6+ Kd7 55. Rxg6 Ke7 56. Rf6 Kf8 57. Rxb6 Rxa2 1/2-1/2

[Event "Zalakaros op 23rd"]
[Site "Zalakaros"]
[Date "2004.05.14"]
[Round "1"]
[White "Balasko, Jozsef"]
[Black "Schwaninger, Wolfgang"]
[Result "0-1"]
[WhiteElo "1801"]
[BlackElo "2226"]
[PlyCount "58"]
[EventDate "2004.05.14"]
[EventType "swiss"]
[EventRounds "9"]
[EventCountry "HUN"]
[SourceTitle "EXT 2008"]
[Source "ChessBase"]
[SourceDate "2007.11.25"]
[SourceVersion "1"]
[SourceVersionDate "2007.11.25"]
[SourceQuality "1"]

1. Nf3 d5 2. g3 Nf6 3. Bg2 g6 4. d3 Bg7 5. 0-0 0-0 6. Bg5 Nbd7 7. Qd2 Re8 8. h3 c6 9. c3 e5 10. e4 dxe4 11. dxe4 Nxe4 12. Bxd8 Nxd2 13. Nbxd2 Rxd8 14. Nc4 Re8 15. Rfe1 f6 16. Rad1 Nc5 17. Nfd2 Be6 18. b3 Rad8 19. Nb2 f5 20. Nf3 Bd5 21. Re2 Bxf3 22. Rxd8 Rxd8 23. Bxf3 e4 24. Bg2 Bxc3 25. Nc4 Rd1+ 26. Bf1 Nd3 27. Ne3 Rb1 28. Kg2 h5 29. Rc2 Ne1+ 0-1